000 00320nam a22001217a 4500
999 _c513245
_d513245
020 _a9789353229764
082 _aK9594 B219
100 _aKumar, Balvinder
_915801
245 _aRedesign your life in modern age
_cby Balvinder Kumar
260 _aNew Delhi
_bPrabhat
_c2020
300 _a248p.
650 _aMotivation
_915968